Tardes de soledad de Albert Serra, documental español, francés y portugués (2 h 05). • En cines (notice n° 1516464)
[ vue normale ]
| 000 -LEADER | |
|---|---|
| fixed length control field | 00498cam a2200145 4500500 |
| 005 - DATE AND TIME OF LATEST TRANSACTION | |
| control field | 20251012005045.0 |
| 041 ## - LANGUAGE CODE | |
| Language code of text/sound track or separate title | fre |
| 042 ## - AUTHENTICATION CODE | |
| Authentication code | dc |
| 100 10 - MAIN ENTRY--PERSONAL NAME | |
| Personal name | Nieuwjaer, Raphaël |
| Relator term | author |
| 245 00 - TITLE STATEMENT | |
| Title | Tardes de soledad de Albert Serra, documental español, francés y portugués (2 h 05). • En cines |
| 260 ## - PUBLICATION, DISTRIBUTION, ETC. | |
| Date of publication, distribution, etc. | 2025.<br/> |
| 500 ## - GENERAL NOTE | |
| General note | 75 |
| 786 0# - DATA SOURCE ENTRY | |
| Note | Études | Avril | 4 | 2025-03-24 | p. 116-117 |
| 856 41 - ELECTRONIC LOCATION AND ACCESS | |
| Uniform Resource Identifier | <a href="https://shs.cairn.info/revista-etudes-2025-4-page-116?lang=es&redirect-ssocas=7080">https://shs.cairn.info/revista-etudes-2025-4-page-116?lang=es&redirect-ssocas=7080</a> |
Pas d'exemplaire disponible.




Réseaux sociaux